|
|
|
|
| LEADER |
00000naa2a2200000 4500 |
| 001 |
617479 |
| 005 |
20231101132948.0 |
| 035 |
|
|
|a (RuTPU)RU\TPU\conf\15792
|
| 035 |
|
|
|a RU\TPU\conf\15791
|
| 090 |
|
|
|a 617479
|
| 100 |
|
|
|a 20160309d2015 k y0rusy50 ca
|
| 101 |
0 |
|
|a rus
|
| 102 |
|
|
|a RU
|
| 105 |
|
|
|a y z 101zy
|
| 135 |
|
|
|a drcn ---uucaa
|
| 181 |
|
0 |
|a i
|
| 182 |
|
0 |
|a b
|
| 200 |
1 |
|
|a Анализ снежного покрова в районе Тобольской промзоны
|f Н. Ю. Факащук
|g науч. рук. А. В. Соромотин
|
| 203 |
|
|
|a Текст
|c электронный
|
| 225 |
1 |
|
|a Проблемы аэрозольного загрязнения атмосферы
|
| 230 |
|
|
|a 1 компьютерный файл (pdf; 583 Кб)
|
| 300 |
|
|
|a Заглавие с титульного экрана
|
| 320 |
|
|
|a [Библиогр.: с. 166 (6 назв.)]
|
| 463 |
|
0 |
|0 (RuTPU)RU\TPU\conf\15338
|t Творчество юных - шаг в успешное будущее
|o материалы VIII Всероссийской научной студенческой конференции с элементами научной школы имени профессора М. К. Коровина, г. Томск, 23-27 ноября 2015 г.
|f Национальный исследовательский Томский политехнический университет (ТПУ) ; под ред. А. Ю. Дмитриева
|v [С. 164-166]
|d 2015
|
| 610 |
1 |
|
|a труды учёных ТПУ
|
| 610 |
1 |
|
|a электронный ресурс
|
| 610 |
1 |
|
|a снежный покров
|
| 610 |
1 |
|
|a Тобольск
|
| 610 |
1 |
|
|a атмосферный воздух
|
| 610 |
1 |
|
|a градообразующие предприятия
|
| 610 |
1 |
|
|a нефтехимическая отрасль
|
| 700 |
|
1 |
|a Факащук
|b Н. Ю.
|
| 702 |
|
1 |
|a Соромотин
|b А. В.
|4 727
|
| 801 |
|
2 |
|a RU
|b 63413507
|c 20180216
|g RCR
|
| 856 |
4 |
|
|u http://earchive.tpu.ru/handle/11683/15743
|
| 942 |
|
|
|c BK
|